LEADER 00825nam0-22003131i-450- 001 990003847420403321 005 20080108152627.0 035 $a000384742 035 $aFED01000384742 035 $a(Aleph)000384742FED01 035 $a000384742 100 $a20030910d--------km-y0itay50------ba 101 0 $aita 102 $aIT 200 1 $aCome cambia il capitalismo$fMario Deaglio. 210 $aMilano$cMondadori$d1982. 215 $a230 p.$d21 cm 225 1 $aSaggi Mondadori 610 0 $aCapitalismo 610 0 $aCapitalismo$aItalia 676 $aN/1.1 700 1$aDeaglio,$bMario$f<1943- >$0118101 801 0$aIT$bUNINA$gRICA$2UNIMARC 901 $aBK 912 $a990003847420403321 952 $aN/1.1 DEA$b11351/I$fSES 959 $aSES 996 $aCome cambia il capitalismo$9507208 997 $aUNINA LEADER 00830nam0-22002891i-450- 001 990007509950403321 005 20070112122958.0 035 $a000750995 035 $aFED01000750995 035 $a(Aleph)000750995FED01 035 $a000750995 100 $a20030814d1950----km-y0itay50------ba 101 0 $aita 102 $aIT 200 1 $aFirenze e dintorni$fE. Allodoli, A. Jahn Rusconi 210 $aRoma$cLibr. dello Stato$d1950 215 $a236 p.$cill.$d22 cm+ 1 c. geogr. ripieg. 610 0 $aFirenze$aGuide 700 1$aAllodoli,$bEttore$f<1882-1960>$0162751 702 1$aJahn Rusconi,$bArturo$f<1879-1950> 801 0$aIT$bUNINA$gRICA$2UNIMARC 901 $aBK 912 $a990007509950403321 952 $aD-02C-004$bIst. 4707$fILFGE 959 $aILFGE 996 $aFirenze e dintorni$9683450 997 $aUNINA LEADER 01623nas 2200397 n 450 001 990009062400403321 005 20240229084542.0 011 $a0393-8417 035 $a000906240 035 $aFED01000906240 035 $a(Aleph)000906240FED01 035 $a000906240 091 $2CNR$aP 00120344 100 $a20090724a19839999km-y0itaa50------ba 101 0 $aita 102 $aIT 110 $aauu-------- 200 1 $aStudi e materiali di storia delle religioni [1983] 207 1$a1983- 210 $aL'Aquila$cJapadre 326 $aSemestrale 430 0$1001000906310$12001$aStudi storico-religiosi 530 0 $aStudi e materiali di storia delle religioni [1983] 675 $a27 675 $a681.3 712 02$aUniversità degli studi di Roma.$bScuola di studi storico-religiosi 801 0$aIT$bACNP$c20090723 859 4 $uhttp://acnp.cib.unibo.it/cgi-ser/start/it/cnr/dc-p1.tcl?catno=67211&person=false&language=ITALIANO&libr=&libr_th=unina1$zBiblioteche che possiedono il periodico 901 $aSE 912 $a990009062400403321 958 $aBRAU. Biblioteca di Ricerca di Area Umanistica$b1983-1987;1991-$c1987;$eITALIA 79$fFLFBC 959 $aFLFBC 996 $aStudi e materiali di storia delle religioni$9277453 997 $aUNINA AP1 8 $6866-01$aNA072 BRAU. Biblioteca di Ricerca di Area Umanistica$bITALIA 79$ePiazza Bellini 56/60, 80133 Napoli (NA)$m(081) 2533948$nit AP2 40$aacnp.cib.unibo.it$nACNP Italian Union Catalogue of Serials$uhttp://acnp.cib.unibo.it/cgi-ser/start/it/cnr/df-p.tcl?catno=67211&language=ITALIANO&libr=&person=&B=1&libr_th=unina&proposto=NO